| 000 | 00714cab a2200205 4500 | ||
|---|---|---|---|
| 001 | WB3324-02 | ||
| 008 | 090401t1997 xxu||||| |||| 00| 0 eng d | ||
| 035 | _a(Sirsi) u79048 | ||
| 041 | _aeng | ||
| 245 | _aLocal government (contracts) bill | ||
| 260 | _c1997 | ||
| 350 | _a0 | ||
| 490 |
_aDoE News Release _v(219) 12 June 1997, (3) |
||
| 520 | _aGovernment has published the Local Government (Contracts) Bill. It will help restore confidence in public/private partnership deals. Includes explanation of clauses. | ||
| 650 | _aLOCAL GOVERNMENT (CONTRACTS) BILL | ||
| 650 | _aPUBLIC/PRIVATE SECTOR PARTNERSHIPS | ||
| 690 | _aBUILT ENVIRONMENT-BUILDING CONTRACT FORMS | ||
| 942 | _n0 | ||
| 948 | _c19/06/1997 | ||
| 999 |
_c49665 _d49665 |
||